| 000 | 00382nam a2200157Ia 4500 | ||
|---|---|---|---|
| 003 | 0STCL | ||
| 008 | 150530s9999 xx 000 0 und d | ||
| 040 |
_aSTCL _cSTCL |
||
| 100 | _aLytton Sells, A. | ||
| 245 | _aOliver Goldsmith his life and works | ||
| 260 |
_bGeorge Allen and Unwin _c1974 |
||
| 546 | _aEnglish | ||
| 942 |
_2ddc _cBK |
||
| 999 |
_c51084 _d51084 |
||
| 005 | 20220125170835.0 | ||